Zwycięzcy ligi w sezonie 2018/19 - Statystyki

Ogólne statystyki
  • Ten quiz został rozwiązany 180 razy
  • Średni wynik to 12 z 15
Statystyki odpowiedzi
Kraj Mistrz % Poprawnych
Włochy Juventus
98%
Francja PSG
98%
Niemcy Bayern Monachium
96%
Anglia Manchester City
95%
Hiszpania FC Barcelona
92%
Polska Piast Gliwice
90%
Holandia Ajax Amsterdam
87%
Portugalia Benfica
84%
Rosja Zenit
73%
Szkocja Celtic Glasgow
69%
Turcja Galatasaray
66%
Ukraina Szachtar Donieck
66%
Belgia Genk
54%
Austria Red Bull Salzburg
53%
Grecja PAOK
51%
Nie znaleziono quizów pasujących do podanych kryteriów
Rozkład punktacji
Procent ludzi z każdym wynikiem
Percentyl według liczby udzielonych odpowiedzi
Twoja historia wyników
Nie rozwiązałeś tego quizu